[Event "DEM U14 2021"]
[Site "Willingen GER"]
[Date "2021.08.28"]
[Round "8"]
[White "Rempe, Jonas"]
[Black "Zhou, Lepu Coco"]
[Result "0-1"]
[Termination "normal"]
[Board "6"]
[WhiteElo "2026"]
[BlackElo "2009"]
[WhiteClock "00:03:18"]
[BlackClock "00:34:09"]
[PlyCount "60"]
[WhiteFideId "16202406"]
[BlackFideId "16217136"]
[EventCountry "GER"]
[EventRounds "9"]
[EventType "swiss"]
[EventDate "2021.08.22"]

1. e4 {[%clk 1:30:50]} e5 {[%clk 1:30:53]} 2. Nf3 {[%clk 1:31:15]} Nc6 {[%clk
1:31:15]} 3. Bb5 {[%clk 1:31:40]} a6 {[%clk 1:31:36]} 4. Ba4 {[%clk 1:32:04]}
Nf6 {[%clk 1:31:59]} 5. O-O {[%clk 1:32:29]} Be7 {[%clk 1:32:18]} 6. Re1 {[%clk
1:32:54]} b5 {[%clk 1:32:37]} 7. Bb3 {[%clk 1:33:20]} O-O {[%clk 1:32:47]} 8.
a4 {[%clk 1:33:46]} Bb7 {[%clk 1:32:49]} 9. d3 {[%clk 1:34:09]} d6 {[%clk
1:32:10]} 10. Nbd2 {[%clk 1:34:32]} Na5 {[%clk 1:31:37]} 11. Ba2 {[%clk
1:34:54]} c5 {[%clk 1:31:20]} 12. Nf1 {[%clk 1:34:24]} c4 {[%clk 1:27:20]} 13.
Ne3 {[%clk 1:25:16]} d5 {[%clk 1:16:28]} 14. exd5 {[%clk 1:20:15]} Nxd5 {[%clk
1:16:43]} 15. Nxd5 {[%clk 1:16:54]} Bxd5 {[%clk 1:14:01]} 16. Nxe5 {[%clk
1:07:46]} Bf6 {[%clk 1:08:51]} 17. dxc4 {[%clk 0:52:12]} bxc4 {[%clk 1:09:02]}
18. Bd2 {[%clk 0:51:40]} Rc8 {[%clk 1:00:06]} 19. Bc3 {[%clk 0:49:33]} Nb7
{[%clk 0:56:17]} 20. Qd4 {[%clk 0:44:33]} Be6 {[%clk 0:51:14]} 21. Qa7 {[%clk
0:37:24]} Qc7 {[%clk 0:47:21]} 22. Qxa6 {[%clk 0:27:48]} Ra8 {[%clk 0:46:51]}
23. Qb5 {[%clk 0:27:10]} Nd6 {[%clk 0:37:56]} 24. Qb4 {[%clk 0:11:12]} Rfb8
{[%clk 0:36:57]} 25. Qa3 {[%clk 0:11:29]} Nb5 {[%clk 0:36:35]} 26. Qb4 {[%clk
0:04:39]} Nd4 {[%clk 0:36:13]} 27. Qxb8+ {[%clk 0:04:39]} Qxb8 {[%clk 0:34:47]}
28. Bxd4 {[%clk 0:03:59]} Rxa4 {[%clk 0:34:43]} 29. Nc6 {[%clk 0:03:52]} Qa8
{[%clk 0:34:05]} 30. Bxf6 {[%clk 0:03:18]} gxf6 {[%clk 0:34:09]} 0-1

[Event "DEM U14 2021"]
[Site "Willingen GER"]
[Date "2021.08.28"]
[Round "8"]
[White "Kempe, Caius Emilian"]
[Black "Rose, Daniel"]
[Result "0-1"]
[Termination "normal"]
[Board "8"]
[WhiteElo "2013"]
[BlackElo "1848"]
[WhiteClock "00:32:25"]
[BlackClock "00:07:09"]
[PlyCount "76"]
[WhiteFideId "16246861"]
[BlackFideId "16242963"]
[EventCountry "GER"]
[EventRounds "9"]
[EventType "swiss"]
[EventDate "2021.08.22"]

1. d4 {[%clk 1:30:58]} Nf6 {[%clk 1:30:55]} 2. c4 {[%clk 1:31:20]} e6 {[%clk
1:31:21]} 3. Nf3 {[%clk 1:31:43]} d5 {[%clk 1:31:21]} 4. cxd5 {[%clk 1:32:01]}
exd5 {[%clk 1:31:38]} 5. Bg5 {[%clk 1:32:14]} Bf5 {[%clk 1:30:47]} 6. Qb3
{[%clk 1:28:54]} b6 {[%clk 1:03:24]} 7. Bxf6 {[%clk 1:27:51]} gxf6 {[%clk
1:01:27]} 8. Nc3 {[%clk 1:26:15]} c6 {[%clk 0:56:45]} 9. g3 {[%clk 1:22:05]}
Bd6 {[%clk 0:55:01]} 10. Bg2 {[%clk 1:22:11]} Bg6 {[%clk 0:43:52]} 11. O-O
{[%clk 1:21:13]} Nd7 {[%clk 0:41:55]} 12. Nd2 {[%clk 1:15:51]} f5 {[%clk
0:41:25]} 13. Nxd5 {[%clk 1:11:22]} Rc8 {[%clk 0:30:49]} 14. Nc4 {[%clk
1:09:41]} Bb8 {[%clk 0:30:11]} 15. Qe3+ {[%clk 1:09:30]} Kf8 {[%clk 0:30:08]}
16. Nf4 {[%clk 1:07:13]} Kg7 {[%clk 0:29:23]} 17. b3 {[%clk 1:05:10]} b5 {[%clk
0:28:55]} 18. Nb2 {[%clk 1:04:36]} Re8 {[%clk 0:28:39]} 19. Qd2 {[%clk
1:02:01]} Bxf4 {[%clk 0:26:47]} 20. gxf4 {[%clk 1:02:00]} Qh4 {[%clk 0:25:25]}
21. e3 {[%clk 1:02:13]} Nf6 {[%clk 0:24:51]} 22. Nd3 {[%clk 1:01:32]} Ne4
{[%clk 0:16:09]} 23. Qe1 {[%clk 1:01:08]} Qe7 {[%clk 0:14:41]} 24. Rc1 {[%clk
1:00:58]} f6 {[%clk 0:14:31]} 25. h3 {[%clk 0:59:22]} Rc7 {[%clk 0:12:44]} 26.
Kh2 {[%clk 0:57:34]} Qd6 {[%clk 0:09:51]} 27. f3 {[%clk 0:54:29]} Ng5 {[%clk
0:09:54]} 28. h4 {[%clk 0:54:12]} Ne6 {[%clk 0:10:19]} 29. Qg3 {[%clk 0:53:25]}
Kh8 {[%clk 0:10:26]} 30. Rfe1 {[%clk 0:52:33]} Rg8 {[%clk 0:09:18]} 31. Nc5
{[%clk 0:51:31]} Bh5 {[%clk 0:09:34]} 32. Qh3 {[%clk 0:50:44]} Rcg7 {[%clk
0:08:54]} 33. Rc2 {[%clk 0:41:13]} Nxf4 {[%clk 0:06:35]} 34. exf4 {[%clk
0:39:10]} Qxf4+ {[%clk 0:06:59]} 35. Kh1 {[%clk 0:39:26]} Rg3 {[%clk 0:06:53]}
36. Qh2 {[%clk 0:39:10]} Bxf3 {[%clk 0:07:13]} 37. Ne6 {[%clk 0:37:25]} Qg4
{[%clk 0:06:49]} 38. Rg1 {[%clk 0:32:25]} Rh3 {[%clk 0:07:09]} 0-1

[Event "DEM U14 2021"]
[Site "Willingen GER"]
[Date "2021.08.28"]
[Round "8"]
[White "Fuhrmann, Bahne"]
[Black "Hänselmann, Hendrik"]
[Result "0-1"]
[Termination "normal"]
[Board "9"]
[WhiteElo "1796"]
[BlackElo "1859"]
[WhiteClock "00:56:04"]
[BlackClock "00:21:44"]
[PlyCount "70"]
[WhiteFideId "16244842"]
[BlackFideId "16232755"]
[EventCountry "GER"]
[EventRounds "9"]
[EventType "swiss"]
[EventDate "2021.08.22"]

1. c4 {[%clk 1:30:57]} g6 {[%clk 1:30:39]} 2. g3 {[%clk 1:30:47]} Bg7 {[%clk
1:31:00]} 3. Bg2 {[%clk 1:31:10]} Nf6 {[%clk 1:31:21]} 4. Nf3 {[%clk 1:31:29]}
O-O {[%clk 1:31:35]} 5. O-O {[%clk 1:31:55]} d6 {[%clk 1:32:00]} 6. Nc3 {[%clk
1:30:42]} Nc6 {[%clk 1:28:28]} 7. d3 {[%clk 1:29:55]} e5 {[%clk 1:28:36]} 8. e4
{[%clk 1:27:58]} Bg4 {[%clk 1:27:20]} 9. h3 {[%clk 1:27:51]} Bxf3 {[%clk
1:27:42]} 10. Bxf3 {[%clk 1:27:29]} Nd7 {[%clk 1:19:01]} 11. b4 {[%clk
1:24:07]} Nxb4 {[%clk 1:15:47]} 12. Rb1 {[%clk 1:24:05]} Na6 {[%clk 1:14:55]}
13. Rxb7 {[%clk 1:23:59]} Nb6 {[%clk 1:14:57]} 14. Nd5 {[%clk 1:22:28]} Kh8
{[%clk 1:09:51]} 15. Bg4 {[%clk 1:22:22]} Nc5 {[%clk 1:06:42]} 16. Rxc7 {[%clk
1:20:12]} Nxd5 {[%clk 1:07:05]} 17. Rxc5 {[%clk 1:20:34]} dxc5 {[%clk 1:06:08]}
18. cxd5 {[%clk 1:20:21]} f5 {[%clk 1:03:51]} 19. Be2 {[%clk 1:19:39]} Qa5
{[%clk 1:01:59]} 20. a4 {[%clk 1:18:16]} Rab8 {[%clk 0:57:59]} 21. Ba3 {[%clk
1:12:43]} Rfc8 {[%clk 0:55:35]} 22. Qc2 {[%clk 1:12:18]} Qb6 {[%clk 0:44:40]}
23. Rc1 {[%clk 1:07:36]} Bh6 {[%clk 0:36:07]} 24. f4 {[%clk 1:06:19]} c4+
{[%clk 0:33:54]} 25. Kg2 {[%clk 1:05:19]} c3 {[%clk 0:32:47]} 26. Kf3 {[%clk
1:04:41]} exf4 {[%clk 0:30:53]} 27. gxf4 {[%clk 1:04:35]} Bxf4 {[%clk 0:27:07]}
28. Kxf4 {[%clk 0:58:25]} Qf2+ {[%clk 0:25:57]} 29. Bf3 {[%clk 0:58:32]} g5+
{[%clk 0:26:00]} 30. Ke5 {[%clk 0:54:43]} Re8+ {[%clk 0:22:29]} 31. Be7 {[%clk
0:55:04]} Rxe7+ {[%clk 0:20:24]} 32. Kd6 {[%clk 0:55:03]} Qb6+ {[%clk 0:20:32]}
33. Kxe7 {[%clk 0:55:26]} Rb7+ {[%clk 0:20:58]} 34. Ke8 {[%clk 0:55:42]} Qg6+
{[%clk 0:21:19]} 35. Kd8 {[%clk 0:56:04]} Qg8# {[%clk 0:21:44]} 0-1

[Event "DEM U14 2021"]
[Site "Willingen GER"]
[Date "2021.08.28"]
[Round "8"]
[White "Ehrig, Leon Chris"]
[Black "Metzdorf, Matteo"]
[Result "1/2-1/2"]
[Termination "normal"]
[Board "10"]
[WhiteElo "1671"]
[BlackElo "1859"]
[WhiteClock "00:03:50"]
[BlackClock "00:05:23"]
[PlyCount "48"]
[WhiteFideId "16244796"]
[BlackFideId "16209869"]
[EventCountry "GER"]
[EventRounds "9"]
[EventType "swiss"]
[EventDate "2021.08.22"]

1. e4 {[%clk 1:30:53]} c5 {[%clk 1:30:55]} 2. Nf3 {[%clk 1:30:49]} e6 {[%clk
1:31:07]} 3. d4 {[%clk 1:31:14]} cxd4 {[%clk 1:31:31]} 4. Nxd4 {[%clk 1:31:39]}
a6 {[%clk 1:31:50]} 5. Bd3 {[%clk 1:32:01]} Qc7 {[%clk 1:30:43]} 6. O-O {[%clk
1:31:55]} Nf6 {[%clk 1:30:09]} 7. Kh1 {[%clk 1:30:58]} d5 {[%clk 1:20:09]} 8.
exd5 {[%clk 1:24:01]} Nxd5 {[%clk 1:16:31]} 9. f4 {[%clk 1:15:57]} Bc5 {[%clk
1:05:06]} 10. c3 {[%clk 0:56:38]} O-O {[%clk 0:58:53]} 11. f5 {[%clk 0:40:16]}
e5 {[%clk 0:40:05]} 12. f6 {[%clk 0:34:09]} g6 {[%clk 0:23:55]} 13. Nb3 {[%clk
0:20:05]} Ne3 {[%clk 0:21:11]} 14. Bxe3 {[%clk 0:17:42]} Bxe3 {[%clk 0:21:40]}
15. Qf3 {[%clk 0:17:51]} Bf4 {[%clk 0:20:12]} 16. N1d2 {[%clk 0:16:29]} Be6
{[%clk 0:19:32]} 17. Ne4 {[%clk 0:15:19]} Nd7 {[%clk 0:18:38]} 18. Rae1 {[%clk
0:12:46]} Rfd8 {[%clk 0:16:53]} 19. Qe2 {[%clk 0:07:53]} Nb6 {[%clk 0:13:27]}
20. Nbc5 {[%clk 0:06:44]} Bd5 {[%clk 0:11:54]} 21. Rf3 {[%clk 0:05:37]} Nd7
{[%clk 0:10:13]} 22. Nxd7 {[%clk 0:05:16]} Qxd7 {[%clk 0:09:57]} 23. Rh3 {[%clk
0:04:59]} Rac8 {[%clk 0:05:23]} 24. Bc2 {[%clk 0:03:50]} Be6 1/2-1/2

[Event "DEM U14 2021"]
[Site "Willingen GER"]
[Date "2021.08.28"]
[Round "8"]
[White "von Mettenheim, Johannes"]
[Black "Müller, Maximilian"]
[Result "1-0"]
[Termination "normal"]
[Board "11"]
[WhiteElo "1953"]
[BlackElo "1651"]
[WhiteClock "01:20:40"]
[BlackClock "00:35:42"]
[PlyCount "119"]
[WhiteFideId "16244818"]
[BlackFideId "16243552"]
[EventCountry "GER"]
[EventRounds "9"]
[EventType "swiss"]
[EventDate "2021.08.22"]

1. d4 {[%clk 1:30:53]} Nf6 {[%clk 1:30:59]} 2. c4 {[%clk 1:31:15]} g6 {[%clk
1:31:27]} 3. Nc3 {[%clk 1:31:37]} Bg7 {[%clk 1:31:54]} 4. e4 {[%clk 1:32:00]}
d6 {[%clk 1:32:21]} 5. Be2 {[%clk 1:32:22]} O-O {[%clk 1:32:44]} 6. Bg5 {[%clk
1:32:48]} h6 {[%clk 1:31:30]} 7. Be3 {[%clk 1:33:12]} e5 {[%clk 1:31:52]} 8. d5
{[%clk 1:33:37]} a5 {[%clk 1:31:39]} 9. Qd2 {[%clk 1:33:44]} Kh7 {[%clk
1:31:58]} 10. h4 {[%clk 1:33:41]} Na6 {[%clk 1:24:44]} 11. h5 {[%clk 1:33:11]}
g5 {[%clk 1:24:34]} 12. f3 {[%clk 1:33:04]} Qe7 {[%clk 1:22:05]} 13. Nh3 {[%clk
1:33:05]} Bxh3 {[%clk 1:21:27]} 14. Rxh3 {[%clk 1:33:30]} c6 {[%clk 1:15:40]}
15. Kf2 {[%clk 1:32:31]} Rfd8 {[%clk 1:07:11]} 16. Rhh1 {[%clk 1:31:31]} Nd7
{[%clk 1:07:15]} 17. g4 {[%clk 1:30:15]} Ndc5 {[%clk 1:06:22]} 18. Rhb1 {[%clk
1:27:49]} Qd7 {[%clk 1:00:11]} 19. b3 {[%clk 1:26:43]} Rdb8 {[%clk 0:47:09]}
20. a3 {[%clk 1:26:10]} Qc7 {[%clk 0:47:31]} 21. b4 {[%clk 1:25:51]} axb4
{[%clk 0:47:36]} 22. axb4 {[%clk 1:26:14]} Nd7 {[%clk 0:48:02]} 23. c5 {[%clk
1:15:31]} dxc5 {[%clk 0:39:59]} 24. dxc6 {[%clk 1:15:50]} cxb4 {[%clk 0:40:21]}
25. cxb7 {[%clk 1:14:16]} Rxb7 {[%clk 0:38:45]} 26. Bxa6 {[%clk 1:10:50]} bxc3
{[%clk 0:33:53]} 27. Rxb7 {[%clk 1:10:52]} Rxa6 {[%clk 0:33:40]} 28. Rxc7
{[%clk 1:11:13]} cxd2 {[%clk 0:34:09]} 29. Rd1 {[%clk 1:11:31]} Nf8 {[%clk
0:33:03]} 30. Rxf7 {[%clk 1:11:18]} Ne6 {[%clk 0:33:22]} 31. Rxd2 {[%clk
1:11:42]} Rc6 {[%clk 0:32:57]} 32. Rfd7 {[%clk 1:12:05]} Kg8 {[%clk 0:32:46]}
33. R7d6 {[%clk 1:12:30]} Rxd6 {[%clk 0:33:10]} 34. Rxd6 {[%clk 1:12:56]} Kf7
{[%clk 0:33:35]} 35. Rd7+ {[%clk 1:13:22]} Kf6 {[%clk 0:33:39]} 36. Ra7 {[%clk
1:13:41]} Bf8 {[%clk 0:34:02]} 37. Kf1 {[%clk 1:13:40]} Be7 {[%clk 0:33:53]}
38. Bc1 {[%clk 1:14:03]} Bc5 {[%clk 0:32:51]} 39. Ra6 {[%clk 1:14:22]} Bd4
{[%clk 0:29:57]} 40. Ba3 {[%clk 1:14:44]} Kf7 {[%clk 0:30:14]} 41. Bd6 {[%clk
1:14:45]} Kf6 {[%clk 0:30:13]} 42. Bf8 {[%clk 1:14:38]} Kf7 {[%clk 0:30:11]}
43. Bxh6 {[%clk 1:14:50]} Bc5 {[%clk 0:29:58]} 44. Rxe6 {[%clk 1:14:37]} Kxe6
{[%clk 0:30:27]} 45. Bxg5 {[%clk 1:15:00]} Bf8 {[%clk 0:30:49]} 46. Kg2 {[%clk
1:15:15]} Bg7 {[%clk 0:31:11]} 47. Be3 {[%clk 1:15:39]} Kf7 {[%clk 0:31:14]}
48. g5 {[%clk 1:16:04]} Bf8 {[%clk 0:31:36]} 49. Kh3 {[%clk 1:16:31]} Be7
{[%clk 0:31:55]} 50. Kg4 {[%clk 1:16:56]} Bd6 {[%clk 0:32:21]} 51. Kf5 {[%clk
1:17:21]} Bc7 {[%clk 0:32:44]} 52. Bc1 {[%clk 1:17:43]} Bb8 {[%clk 0:33:07]}
53. Bb2 {[%clk 1:18:01]} Ba7 {[%clk 0:33:22]} 54. h6 {[%clk 1:18:23]} Kg8
{[%clk 0:33:50]} 55. Kg6 {[%clk 1:18:42]} Bb8 {[%clk 0:34:07]} 56. f4 {[%clk
1:19:06]} Kh8 {[%clk 0:34:25]} 57. fxe5 {[%clk 1:19:24]} Kg8 {[%clk 0:34:49]}
58. h7+ {[%clk 1:19:49]} Kh8 {[%clk 0:35:16]} 59. e6+ {[%clk 1:20:15]} Be5
{[%clk 0:35:42]} 60. Bxe5# {[%clk 1:20:40]} 1-0

[Event "DEM U14 2021"]
[Site "Willingen GER"]
[Date "2021.08.28"]
[Round "8"]
[White "Guo, Philipp Ziming"]
[Black "Sundui, Chinguun"]
[Result "1-0"]
[Termination "normal"]
[Board "13"]
[WhiteElo "1728"]
[BlackElo "1853"]
[WhiteClock "00:22:20"]
[BlackClock "00:42:29"]
[PlyCount "43"]
[WhiteFideId "16245199"]
[BlackFideId "4907930"]
[EventCountry "GER"]
[EventRounds "9"]
[EventType "swiss"]
[EventDate "2021.08.22"]

1. e4 {[%clk 1:30:56]} e5 {[%clk 1:30:52]} 2. Nf3 {[%clk 1:31:19]} d6 {[%clk
1:31:17]} 3. d4 {[%clk 1:31:40]} exd4 {[%clk 1:31:41]} 4. Nxd4 {[%clk 1:31:48]}
Nf6 {[%clk 1:32:03]} 5. Nc3 {[%clk 1:32:08]} Be7 {[%clk 1:32:11]} 6. Bf4 {[%clk
1:32:20]} O-O {[%clk 1:31:49]} 7. Qd2 {[%clk 1:32:38]} Re8 {[%clk 1:30:41]} 8.
O-O-O {[%clk 1:32:09]} Bf8 {[%clk 1:28:00]} 9. f3 {[%clk 1:31:21]} Nbd7 {[%clk
1:25:20]} 10. g4 {[%clk 1:24:33]} a6 {[%clk 1:20:47]} 11. h4 {[%clk 1:22:02]}
Ne5 {[%clk 1:18:59]} 12. Qf2 {[%clk 1:12:52]} c5 {[%clk 1:12:44]} 13. Nf5
{[%clk 1:05:02]} b5 {[%clk 1:10:50]} 14. Bg5 {[%clk 0:54:17]} Be7 {[%clk
1:03:02]} 15. Bxf6 {[%clk 0:49:52]} gxf6 {[%clk 1:00:23]} 16. Be2 {[%clk
0:43:50]} Be6 {[%clk 0:57:54]} 17. f4 {[%clk 0:37:07]} Nc6 {[%clk 0:51:27]} 18.
Nd5 {[%clk 0:30:01]} Bxf5 {[%clk 0:49:16]} 19. exf5 {[%clk 0:28:22]} h6 {[%clk
0:45:51]} 20. g5 {[%clk 0:25:47]} Nb4 {[%clk 0:43:56]} 21. gxh6 {[%clk
0:22:09]} Nxd5 {[%clk 0:42:29]} 22. Qg3+ {[%clk 0:22:20]} 1-0

[Event "DEM U14 2021"]
[Site "Willingen GER"]
[Date "2021.08.28"]
[Round "8"]
[White "Nitsche, Nikolai"]
[Black "Danninger, Hugo"]
[Result "0-1"]
[Termination "normal"]
[Board "14"]
[WhiteElo "1835"]
[BlackElo "1749"]
[WhiteClock "00:21:10"]
[BlackClock "00:00:37"]
[PlyCount "68"]
[WhiteFideId "16221036"]
[BlackFideId "16271246"]
[EventCountry "GER"]
[EventRounds "9"]
[EventType "swiss"]
[EventDate "2021.08.22"]

1. e4 {[%clk 1:30:53]} e6 {[%clk 1:30:48]} 2. d4 {[%clk 1:31:17]} d5 {[%clk
1:31:07]} 3. e5 {[%clk 1:31:42]} c5 {[%clk 1:31:14]} 4. c3 {[%clk 1:32:06]} Qb6
{[%clk 1:31:35]} 5. Nf3 {[%clk 1:32:29]} Nc6 {[%clk 1:29:21]} 6. Bd3 {[%clk
1:30:54]} Bd7 {[%clk 1:28:55]} 7. O-O {[%clk 1:30:22]} Rc8 {[%clk 1:27:27]} 8.
Re1 {[%clk 1:29:58]} cxd4 {[%clk 1:22:11]} 9. Nbd2 {[%clk 1:25:03]} Nge7 {[%clk
1:18:10]} 10. Qe2 {[%clk 1:16:25]} Ng6 {[%clk 1:16:24]} 11. Nf1 {[%clk
1:15:22]} Be7 {[%clk 0:51:02]} 12. g3 {[%clk 1:11:44]} Bd8 {[%clk 0:44:07]} 13.
h4 {[%clk 1:00:50]} Bc7 {[%clk 0:43:12]} 14. Bxg6 {[%clk 0:57:56]} hxg6 {[%clk
0:43:24]} 15. Bf4 {[%clk 0:57:23]} dxc3 {[%clk 0:37:27]} 16. bxc3 {[%clk
0:57:44]} Qa5 {[%clk 0:37:05]} 17. c4 {[%clk 0:53:59]} Ne7 {[%clk 0:34:35]} 18.
Ne3 {[%clk 0:45:29]} Bb6 {[%clk 0:29:46]} 19. cxd5 {[%clk 0:43:35]} Nxd5 {[%clk
0:27:41]} 20. Nc4 {[%clk 0:42:27]} Nxf4 {[%clk 0:16:35]} 21. gxf4 {[%clk
0:41:17]} Rxc4 {[%clk 0:16:51]} 22. Qxc4 {[%clk 0:41:39]} Bc6 {[%clk 0:17:12]}
23. Qd3 {[%clk 0:38:57]} Qb4 {[%clk 0:14:49]} 24. Rab1 {[%clk 0:24:44]} Qxf4
{[%clk 0:14:28]} 25. Rxb6 {[%clk 0:24:51]} Qg4+ {[%clk 0:05:31]} 26. Kf1 {[%clk
0:25:04]} axb6 {[%clk 0:05:54]} 27. Rd1 {[%clk 0:25:20]} Bd5 {[%clk 0:03:58]}
28. Qb5+ {[%clk 0:24:42]} Ke7 {[%clk 0:01:23]} 29. Qxb6 {[%clk 0:22:19]} Qc4+
{[%clk 0:01:26]} 30. Kg1 {[%clk 0:21:46]} Qg4+ {[%clk 0:01:43]} 31. Kf1 {[%clk
0:22:08]} Qc4+ {[%clk 0:01:23]} 32. Kg1 {[%clk 0:22:32]} Rd8 {[%clk 0:01:32]}
33. Nd4 {[%clk 0:22:24]} Ke8 {[%clk 0:00:58]} 34. a4 {[%clk 0:21:10]} Bf3
{[%clk 0:00:37]} 0-1

[Event "DEM U14 2021"]
[Site "Willingen GER"]
[Date "2021.08.28"]
[Round "8"]
[White "Schön, Florian"]
[Black "Udelnov, Valentin"]
[Result "1/2-1/2"]
[Termination "normal"]
[Board "15"]
[WhiteElo "1642"]
[BlackElo "1728"]
[WhiteClock "00:11:25"]
[BlackClock "00:06:57"]
[PlyCount "58"]
[WhiteFideId "16259394"]
[BlackFideId "16265734"]
[EventCountry "GER"]
[EventRounds "9"]
[EventType "swiss"]
[EventDate "2021.08.22"]

1. e4 {[%clk 1:30:59]} e5 {[%clk 1:30:52]} 2. Nf3 {[%clk 1:31:25]} Nc6 {[%clk
1:31:17]} 3. d4 {[%clk 1:31:53]} exd4 {[%clk 1:31:38]} 4. Nxd4 {[%clk 1:32:19]}
Nf6 {[%clk 1:32:02]} 5. Nxc6 {[%clk 1:32:45]} bxc6 {[%clk 1:32:27]} 6. Bd3
{[%clk 1:33:09]} Bc5 {[%clk 1:27:50]} 7. e5 {[%clk 1:33:03]} Nd5 {[%clk
1:27:10]} 8. Qg4 {[%clk 1:30:17]} g6 {[%clk 1:22:56]} 9. Bh6 {[%clk 1:29:03]}
Bf8 {[%clk 1:19:52]} 10. Bxf8 {[%clk 1:24:43]} Kxf8 {[%clk 1:19:41]} 11. O-O
{[%clk 1:20:31]} d6 {[%clk 1:06:22]} 12. Qd4 {[%clk 1:10:28]} dxe5 {[%clk
1:06:38]} 13. Qxe5 {[%clk 1:10:48]} Qf6 {[%clk 1:07:04]} 14. Qxf6 {[%clk
1:08:47]} Nxf6 {[%clk 1:07:29]} 15. Nd2 {[%clk 1:07:03]} Rb8 {[%clk 1:07:07]}
16. b3 {[%clk 1:06:50]} Nd5 {[%clk 1:06:45]} 17. Nf3 {[%clk 1:06:17]} Nb4
{[%clk 0:59:23]} 18. Bc4 {[%clk 0:54:23]} Kg7 {[%clk 0:49:59]} 19. Rad1 {[%clk
0:44:03]} Re8 {[%clk 0:27:06]} 20. Rd2 {[%clk 0:34:09]} Bg4 {[%clk 0:16:41]}
21. c3 {[%clk 0:32:11]} Nd5 {[%clk 0:14:50]} 22. Bxd5 {[%clk 0:31:37]} cxd5
{[%clk 0:15:16]} 23. Rxd5 {[%clk 0:32:00]} Re2 {[%clk 0:15:38]} 24. Ra5 {[%clk
0:31:30]} Rc2 {[%clk 0:10:59]} 25. c4 {[%clk 0:31:34]} Rb7 {[%clk 0:08:04]} 26.
h3 {[%clk 0:26:23]} Bxf3 {[%clk 0:08:19]} 27. gxf3 {[%clk 0:26:52]} c6 {[%clk
0:08:15]} 28. Re1 {[%clk 0:23:52]} Rd7 {[%clk 0:08:35]} 29. a3 {[%clk 0:11:25]}
Rdd2 {[%clk 0:06:57]} 1/2-1/2

[Event "DEM U14 2021"]
[Site "Willingen GER"]
[Date "2021.08.28"]
[Round "8"]
[White "Bock, Marlon"]
[Black "Pick, Max"]
[Result "0-1"]
[Termination "normal"]
[Board "16"]
[WhiteElo "1767"]
[BlackElo "1794"]
[WhiteClock "00:01:49"]
[BlackClock "00:02:57"]
[PlyCount "80"]
[WhiteFideId "16244931"]
[BlackFideId "16210883"]
[EventCountry "GER"]
[EventRounds "9"]
[EventType "swiss"]
[EventDate "2021.08.22"]

1. c4 {[%clk 1:30:57]} Nf6 {[%clk 1:30:37]} 2. Nc3 {[%clk 1:31:10]} e6 {[%clk
1:30:34]} 3. e4 {[%clk 1:31:09]} d5 {[%clk 1:29:18]} 4. e5 {[%clk 1:30:15]}
Nfd7 {[%clk 1:28:22]} 5. d4 {[%clk 1:27:45]} dxc4 {[%clk 1:22:24]} 6. Bxc4
{[%clk 1:25:52]} c5 {[%clk 1:13:26]} 7. Nf3 {[%clk 1:18:00]} Nc6 {[%clk
1:00:52]} 8. Be3 {[%clk 1:07:08]} a6 {[%clk 0:41:02]} 9. O-O {[%clk 0:54:11]}
b5 {[%clk 0:37:42]} 10. Bb3 {[%clk 0:51:53]} cxd4 {[%clk 0:37:13]} 11. Bxd4
{[%clk 0:50:55]} Bb7 {[%clk 0:36:48]} 12. Re1 {[%clk 0:47:38]} Bc5 {[%clk
0:30:29]} 13. Ne4 {[%clk 0:37:01]} Nxd4 {[%clk 0:28:02]} 14. Nxd4 {[%clk
0:34:57]} Bxe4 {[%clk 0:27:01]} 15. Rxe4 {[%clk 0:34:16]} O-O {[%clk 0:23:23]}
16. Qh5 {[%clk 0:23:17]} Bxd4 {[%clk 0:14:53]} 17. Rxd4 {[%clk 0:21:01]} Qc7
{[%clk 0:14:28]} 18. Rh4 {[%clk 0:18:52]} h6 {[%clk 0:14:14]} 19. Re1 {[%clk
0:17:48]} Rac8 {[%clk 0:10:06]} 20. g4 {[%clk 0:12:30]} Qd8 {[%clk 0:05:19]}
21. Rh3 {[%clk 0:07:41]} Qg5 {[%clk 0:03:11]} 22. Qxg5 {[%clk 0:06:59]} hxg5
{[%clk 0:03:37]} 23. Ree3 {[%clk 0:06:51]} g6 {[%clk 0:03:05]} 24. Rhf3 {[%clk
0:05:15]} Rc5 {[%clk 0:02:44]} 25. Rc3 {[%clk 0:04:21]} Nxe5 {[%clk 0:01:18]}
26. Rxc5 {[%clk 0:03:59]} Nxf3+ {[%clk 0:01:44]} 27. Kg2 {[%clk 0:04:08]} Nd4
{[%clk 0:01:42]} 28. Rc7 {[%clk 0:03:04]} a5 {[%clk 0:01:13]} 29. Bd1 {[%clk
0:02:51]} Rd8 {[%clk 0:00:59]} 30. Bf3 {[%clk 0:02:44]} Nxf3 {[%clk 0:01:03]}
31. Kxf3 {[%clk 0:03:04]} Rd2 {[%clk 0:01:23]} 32. Rc5 {[%clk 0:02:26]} Rxb2
{[%clk 0:01:36]} 33. Rxg5 {[%clk 0:02:49]} a4 {[%clk 0:01:39]} 34. Rc5 {[%clk
0:02:46]} b4 {[%clk 0:01:39]} 35. Rb5 {[%clk 0:02:42]} b3 {[%clk 0:01:39]} 36.
Rb4 {[%clk 0:02:27]} Rxa2 {[%clk 0:01:40]} 37. Ke3 {[%clk 0:02:06]} b2 {[%clk
0:01:59]} 38. Kd3 {[%clk 0:02:02]} a3 {[%clk 0:02:15]} 39. Rb3 {[%clk 0:01:57]}
Ra1 {[%clk 0:02:34]} 40. Kc2 {[%clk 0:01:49]} Rc1+ {[%clk 0:02:57]} 0-1